LEADER 01212nam a2200301 u 4500 001 000000056186 003 CaOOAMICUS 005 20070226120439.0 008 010330s1986 it u000 u ita u 020 $a887706031X 035 $a10870773 040 $aPUL(R)$bita 100 1 $aMeneghelli, Ruggero.$0(OLS)http://pul/name/11255 245 13$aIl miraggio dell'autorità legittima /$cRuggero Meneghelli. 260 $aPadova :$bLibreria Gregoriana,$cc1986. 300 $a84 p. ;$c24 490 1 $aStudi filosofici ;$v10 504 $aIndicazioni bibliografiche in nota. 650 4$aFilosofia del diritto.$0(OLS)http://pul/subject/620 830 0$aStudi filosofici (Libreria Gregoriana) ;$v10.$0(OLS)http://pul/title/8096 850 $aPUL 852 $aPUL$W1$xSL Diritto e Scienze Sociali 1$y4$m237 D 85$j73741$nBK-PRI$b $qStampati$B73741$CPULBib$Z2$F73741 $H $81 941 1 $a8 960 $aDiritto$xFilosofia$9620 961 $aINV: 55553 996 $6020$a887706031X$9(OLS)http://pul/number/70795 996 $6245$aIl miraggio dell'autorità legittima$9(OLS)http://pul/title/75158 996 $6260$aPadova :$bLibreria Gregoriana$9(OLS)http://pul/publisher/50918 LEADER 01485nam a2200325 u 4500 001 000000079593 003 CaOOAMICUS 005 20070226123545.0 008 040608s1999 inu u000 u eng u 020 $a0966922611 035 $a10998246 040 $aPUL$bita 245 04$aThe failure of modernism :$bthe cartesian legacy and contemporary pluralism /$cedited by Brendan Sweetman. 260 $aMishawaka :$bAmerican Maritain Association,$cc1999. 300 $a269 p. ;$c23 cm 490 1 $aAmerican Maritain Association publications 500 $aIndice : p. 267-269. 504 $aBibliografia in appendice. 600 14$aMaritain, Jacques,$d1882-1973.$0(OLS)http://pul/subject/551 600 14$aDescartes, René,$d1596-1650.$0(OLS)http://pul/subject/2595 650 4$aFilosofia moderna.$0(OLS)http://pul/subject/703 700 1 $aSweetman, Brendan.$0(OLS)http://pul/name/53013 830 0$aAmerican Maritain Association publications.$0(OLS)http://pul/title/104236 850 $aPUL 852 $aPUL$W1$xSL Filosofia 3$y81$m149. 9 SWEBR 1$j101823$nBK-PRI$qDDC 21$B101823$CPULBib$Z2$F101823 $H94684 $82 941 1 $a9 960 $aCartesio,$d1596-1650$92595 996 $6020$a0966922611$9(OLS)http://pul/number/104742 996 $6245$aThe failure of modernism :$bthe cartesian legacy and contemporary pluralism$9(OLS)http://pul/title/104235 996 $6260$aMishawaka :$bAmerican Maritain Association$9(OLS)http://pul/publisher/75670